[Event "Fortaleza Schoonenborch op 10th"]
[Site "Fortaleza"]
[Date "2024.02.18"]
[Round "6"]
[White "Ferreira Filho, Joao Bosco Filgue"]
[Black "Correia, Aristoteles de Jesu"]
[Result "1-0"]
[WhiteElo "1735"]
[BlackElo "1644"]
[PlyCount "71"]
[EventDate "2024.02.15"]
[EventType "swiss"]
[EventRounds "6"]
[EventCountry "BRA"]
[SourceTitle "CB08_2024"]
[SourceDate "2024.02.21"]
[SourceVersion "1"]
[SourceVersionDate "2024.02.21"]
[SourceQuality "1"]

1. d4 Nf6 2. c4 g6 3. Nc3 Bg7 4. e4 d6 5. f4 0-0 6. Nf3 Nbd7 7. e5 Ne8 8. Be3 dxe5 9. fxe5 c5 10. dxc5 Qa5 11. Qd4 Nc7 12. a3 Na6 13. Ra2 Qxc5 14. Qd2 Nxe5 15. Bxc5 Nxf3+ 16. gxf3 Nxc5 17. Kf2 Bf5 18. Be2 Rfd8 19. Qf4 Ne6 20. Qg3 Bc2 21. Nd5 Bd4+ 22. Kg2 Rd7 23. b4 Bb3 24. Rd2 b5 25. Rhd1 Bxd1 26. Rxd1 Rc8 27. Qh4 g5 28. Qe4 Rcd8 29. Rxd4 Nf4+ 30. Kf2 Nxd5 31. cxd5 a6 32. Bd3 e6 33. Qxh7+ Kf8 34. Qh6+ Ke8 35. Qxg5 exd5 36. Rh4 1-0

[Event "Fortaleza Schoonenborch op 10th"]
[Site "Fortaleza"]
[Date "2024.02.16"]
[Round "2"]
[White "Ferreira Filho, Joao Bosco Filgue"]
[Black "Torres, Jose Daniel"]
[Result "0-1"]
[WhiteElo "1735"]
[BlackElo "2129"]
[PlyCount "108"]
[EventDate "2024.02.15"]
[EventType "swiss"]
[EventRounds "6"]
[EventCountry "BRA"]
[SourceTitle "CB08_2024"]
[SourceDate "2024.02.21"]
[SourceVersion "1"]
[SourceVersionDate "2024.02.21"]
[SourceQuality "1"]

1. d4 Nf6 2. c4 e6 3. g3 d5 4. Nf3 Nbd7 5. Nfd2 c6 6. Bg2 Bd6 7. 0-0 0-0 8. Nc3 Bc7 9. e4 dxe4 10. Ndxe4 e5 11. d5 cxd5 12. Nxd5 Nxd5 13. Qxd5 Nf6 14. Qxd8 Bxd8 15. Nd6 Rb8 16. Nxc8 Rxc8 17. Bxb7 Rxc4 18. Be3 Be7 19. b3 Rc7 20. Bg2 Ng4 21. Rfe1 Rd8 22. Bf3 Nxe3 23. Rxe3 f6 24. Re2 Rc3 25. Kg2 Bc5 26. Rb1 a5 27. Rbb2 Rdd3 28. Bb7 Kf7 29. Ba6 Rd6 30. Bc4+ Ke7 31. Rbc2 Bb4 32. Rxc3 Bxc3 33. a4 f5 34. Rc2 Bb4 35. Re2 Kf6 36. f3 g5 37. h3 h5 38. Kf2 Rd1 39. Kg2 Rd4 40. Bb5 e4 41. fxe4 fxe4 42. Be8 h4 43. gxh4 gxh4 44. Bb5 Ke5 45. Bc6 Bc5 46. Be8 Kf4 47. Bf7 Rd3 48. Bc4 Rg3+ 49. Kh2 Kf3 50. Rd2 Bg1+ 51. Kh1 Bf2 52. Be6 e3 53. Bd5+ Kf4 54. Rd4+ Ke5 0-1

[Event "Fortaleza Cearense-ch"]
[Site "Fortaleza"]
[Date "2024.01.27"]
[Round "9"]
[White "Ferreira Filho, Joao Bosco Filgue"]
[Black "Silveira, Jose Wanderley Maci"]
[Result "0-1"]
[WhiteElo "1735"]
[BlackElo "1755"]
[PlyCount "132"]
[EventDate "2024.01.13"]
[EventType "tourn"]
[EventRounds "9"]
[EventCountry "BRA"]
[SourceTitle "CB09_2024"]
[SourceDate "2024.02.28"]
[SourceVersion "1"]
[SourceVersionDate "2024.02.28"]
[SourceQuality "1"]

1. d4 d5 2. c4 e6 3. Nf3 a6 4. Nbd2 dxc4 5. Nxc4 b5 6. Nce5 Bb7 7. e3 Nd7 8. Bd2 Nxe5 9. Nxe5 Bd6 10. Nf3 Nf6 11. Bd3 Ne4 12. Ba5 Qe7 13. 0-0 Ng5 14. Nd2 Nh3+ 15. Kh1 Qg5 16. Ne4 Qh4 17. Nxd6+ cxd6 18. Qe2 Ng5 19. Bxb5+ Kf8 20. Bd3 Bxg2+ 21. Kg1 Qh3 22. f4 Nf3+ 23. Rxf3 Bxf3 24. Qc2 Qg4+ 25. Kf1 Qh3+ 26. Kg1 Ke7 27. Qc7+ Kf6 28. Bf1 Qg4+ 29. Kf2 Rhc8 30. Qxd6 Rc2+ 31. Bd2 Rxd2+ 32. Ke1 Rc2 33. Qe5+ Ke7 34. f5 Qh4+ 35. Qg3 Qxg3+ 36. hxg3 exf5 37. Bd3 Rh2 38. Bxf5 Rh1+ 39. Kf2 Rxa1 40. Kxf3 Rxa2 41. Be4 Ra7 42. b3 Rb2 43. Bd5 Rc7 44. Kf4 a5 45. Kf3 g5 46. Kg4 Kf6 47. Kf3 h5 48. Ke4 Kg6 49. Kd3 f5 50. e4 fxe4+ 51. Bxe4+ Kf6 52. Bd5 h4 53. gxh4 gxh4 54. Bc4 Rxc4 55. bxc4 Rb3+ 56. Kc2 a4 57. c5 Ke6 58. c6 Kd6 59. d5 h3 60. c7 Kxc7 61. d6+ Kxd6 62. Kd2 h2 63. Kc2 Kc5 64. Kd2 h1Q 65. Kc2 Qg2+ 66. Kc1 a3 0-1

[Event "Fortaleza Cearense-ch"]
[Site "Fortaleza"]
[Date "2024.01.25"]
[Round "8"]
[White "Lima, Edson Henrique"]
[Black "Ferreira Filho, Joao Bosco Filgue"]
[Result "1-0"]
[WhiteElo "1897"]
[BlackElo "1735"]
[PlyCount "139"]
[EventDate "2024.01.13"]
[EventType "tourn"]
[EventRounds "9"]
[EventCountry "BRA"]
[SourceTitle "CB09_2024"]
[SourceDate "2024.02.28"]
[SourceVersion "1"]
[SourceVersionDate "2024.02.28"]
[SourceQuality "1"]

1. e4 c5 2. Nc3 Nc6 3. Bb5 Nd4 4. Nf3 a6 5. Bd3 Nc6 6. b3 d6 7. h3 Nf6 8. Bb2 e6 9. 0-0 Be7 10. Re1 Qc7 11. Bf1 0-0 12. d4 cxd4 13. Nxd4 Bd7 14. Kh1 b5 15. a3 Rac8 16. Nde2 Ne5 17. f4 Ng6 18. Rc1 Bc6 19. f5 Ne5 20. Nd4 Bd7 21. g4 Nc6 22. Nde2 Qb6 23. Bg2 Qf2 24. Rf1 Qh4 25. Ng1 Ne5 26. Nf3 Nxf3 27. Qxf3 h5 28. gxh5 Nxh5 29. Ne2 Bg5 30. Qg4 exf5 31. Qxh4 Bxh4 32. Bf3 Nf6 33. e5 Ne4 34. Bxe4 fxe4 35. exd6 Bxh3 36. Rg1 f6 37. Nf4 Bf5 38. Nd5 Rf7 39. Rcf1 Rxc2 40. Ne7+ Kf8 41. Nxf5 Rxb2 42. Rc1 Ke8 43. Rc8+ Kd7 44. Rc7+ Ke6 45. Nd4+ Kxd6 46. Rxf7 Bg5 47. Rxg7 Ke5 48. Rd1 e3 49. Nf3+ Kf4 50. Nxg5 fxg5 51. Rf1+ Ke4 52. Re7+ Kd4 53. Rd1+ Rd2 54. Re1 Rd3 55. Rd7+ Kc3 56. Rxd3+ Kxd3 57. Kg2 Kd2 58. Kf1 g4 59. Re2+ Kd3 60. Rg2 Kc3 61. Rxg4 Kxb3 62. Rg6 Kxa3 63. Rxa6+ Kb3 64. Ke2 b4 65. Kxe3 Kc3 66. Rc6+ Kb2 67. Kd3 Ka2 68. Kc4 b3 69. Ra6+ Kb2 70. Rb6 1-0

[Event "Fortaleza Cearense-ch"]
[Site "Fortaleza"]
[Date "2024.01.13"]
[Round "1"]
[White "De Saboya E Silva, Jose Frederic"]
[Black "Ferreira Filho, Joao Bosco Filgue"]
[Result "1-0"]
[WhiteElo "1960"]
[BlackElo "1735"]
[PlyCount "109"]
[EventDate "2024.01.13"]
[EventType "tourn"]
[EventRounds "9"]
[EventCountry "BRA"]
[SourceTitle "CB09_2024"]
[SourceDate "2024.02.28"]
[SourceVersion "1"]
[SourceVersionDate "2024.02.28"]
[SourceQuality "1"]

1. Nf3 Nf6 2. c4 e6 3. Nc3 d5 4. d4 Bb4 5. Qa4+ Nc6 6. e3 Bd7 7. Qc2 0-0 8. a3 Bxc3+ 9. bxc3 Re8 10. Bd3 h6 11. 0-0 a5 12. cxd5 exd5 13. c4 dxc4 14. Bxc4 Be6 15. Rb1 Bd5 16. Bxd5 Qxd5 17. Qc5 b6 18. Qxd5 Nxd5 19. Bd2 Re6 20. Rfc1 Nde7 21. Rc2 Rd8 22. Rbc1 f5 23. g3 Na7 24. Rxc7 Nb5 25. Rb7 Nxa3 26. Rcc7 Kf8 27. Ne5 Re8 28. Nd7+ Kg8 29. Nxb6 Rxb6 30. Rxe7 Rxe7 31. Rxe7 Nc4 32. Be1 Ra6 33. Rc7 Nb2 34. d5 Kf8 35. Bc3 Nd3 36. Bxg7+ Ke8 37. Kf1 a4 38. Ke2 Nb4 39. Rc5 a3 40. Rb5 Ra4 41. Kd2 a2 42. Ba1 Kd7 43. Kc3 Na6 44. Kb3 Re4 45. Kxa2 Ra4+ 46. Kb1 Nc7 47. Rc5 Na6 48. Rc6 Nb4 49. Rc4 Kd6 50. Rd4 Rxa1+ 51. Kxa1 Nc2+ 52. Kb2 Nxd4 53. exd4 Kxd5 54. Kc3 h5 55. Kd3 1-0

[Event "Fortaleza Schoonenborch op"]
[Site "Fortaleza"]
[Date "2023.03.03"]
[Round "2"]
[White "Ferreira Filho, Joao Bosco Filgue"]
[Black "De Oliveira, Guibson Martins"]
[Result "1-0"]
[WhiteElo "1704"]
[BlackElo "1845"]
[PlyCount "109"]
[EventDate "2023.03.02"]
[EventType "swiss"]
[EventRounds "6"]
[EventCountry "BRA"]
[SourceTitle "CBM 213 Extra"]
[Source "ChessBase"]
[SourceDate "2023.05.31"]
[SourceVersion "1"]
[SourceVersionDate "2023.05.31"]
[SourceQuality "1"]

1. d4 Nf6 2. c4 g6 3. Nc3 d5 4. cxd5 Nxd5 5. Bd2 Bg7 6. e4 Nb6 7. Be3 0-0 8. Be2 Nc6 9. Nf3 Bg4 10. d5 Bxf3 11. Bxf3 Ne5 12. 0-0 Nec4 13. Bc1 Qd6 14. Qc2 c6 15. g3 Rac8 16. Qe2 Qb4 17. dxc6 bxc6 18. Qc2 Rfd8 19. a3 Qa5 20. Ra2 Rd7 21. b4 Qe5 22. Na4 Qe6 23. Nc5 Qf6 24. Be2 Rd4 25. Nb3 Qe6 26. Nxd4 Bxd4 27. Bf4 c5 28. b5 h5 29. h4 Nd6 30. Bxd6 Qxd6 31. Kg2 e5 32. a4 Nd7 33. Qb3 Kg7 34. Rc2 Nf6 35. f3 Nd7 36. Bc4 f6 37. Be6 Rc7 38. Bxd7 Rxd7 39. Rb1 Rb7 40. a5 f5 41. Qd5 Qc7 42. Ra2 a6 43. b6 Qe7 44. Rc2 f4 45. Qc4 fxg3 46. Qxa6 Rd7 47. b7 Qxh4 48. Rh1 Qd8 49. Qa8 Be3 50. Qxd8 Rxd8 51. Kxg3 Kh6 52. a6 c4 53. Rxc4 Bf4+ 54. Kh3 Rd3 55. b8Q 1-0

[Event "Fortaleza Cearense-ch"]
[Site "Fortaleza"]
[Date "2023.01.17"]
[Round "7"]
[White "Silva, Caio Marques"]
[Black "Ferreira Filho, Joao Bosco Filgue"]
[Result "1/2-1/2"]
[WhiteElo "1673"]
[BlackElo "1732"]
[PlyCount "120"]
[EventDate "2023.01.07"]
[EventType "tourn"]
[EventRounds "9"]
[EventCountry "BRA"]
[SourceTitle "CBM 212 Extra"]
[Source "ChessBase"]
[SourceDate "2023.03.31"]
[SourceVersion "1"]
[SourceVersionDate "2023.03.31"]
[SourceQuality "1"]

1. c4 c5 2. Nc3 Nf6 3. g3 e6 4. Bg2 Nc6 5. Nf3 Be7 6. 0-0 0-0 7. d3 d5 8. cxd5 exd5 9. d4 h6 10. Bf4 Be6 11. a3 Qc8 12. Rc1 c4 13. Re1 Qd7 14. Ne5 Qd8 15. e4 dxe4 16. Nxc6 bxc6 17. Nxe4 Nxe4 18. Bxe4 Bd5 19. Qf3 Re8 20. Bxd5 cxd5 21. Re5 Qb6 22. Qxd5 Red8 23. Qb5 Bf6 24. Qxb6 axb6 25. Rb5 Bxd4 26. Rxc4 Bc5 27. Bc7 Rd5 28. Kg2 Rd2 29. Bxb6 Rxf2+ 30. Kh3 Bxb6 31. Rxb6 Rd8 32. Rf4 Re2 33. Rb7 f6 34. Kg4 Rxh2 35. Rb5 Rdd2 36. a4 Rxb2 37. Rxb2 Rxb2 38. Kf5 Kf7 39. Rc4 Rf2+ 40. Ke4 Kg6 41. a5 Ra2 42. Rc5 h5 43. Kf4 Ra4+ 44. Kf3 f5 45. Rc6+ Kg5 46. a6 Ra3+ 47. Kg2 h4 48. gxh4+ Kxh4 49. Rg6 Kh5 50. Rxg7 Rxa6 51. Kf3 Ra4 52. Rg8 Rg4 53. Rxg4 fxg4+ 54. Kg3 Kg5 55. Kg2 Kf4 56. Kf2 g3+ 57. Kg2 Kg4 58. Kg1 Kf3 59. Kf1 g2+ 60. Kg1 Kg3 1/2-1/2

[Event "Fortaleza Cearense-ch"]
[Site "Fortaleza"]
[Date "2023.01.08"]
[Round "2"]
[White "Ferreira Filho, Joao Bosco Filgue"]
[Black "Lima Filho, Gilberto Faco"]
[Result "0-1"]
[WhiteElo "1732"]
[BlackElo "1955"]
[PlyCount "90"]
[EventDate "2023.01.07"]
[EventType "tourn"]
[EventRounds "9"]
[EventCountry "BRA"]
[SourceTitle "CBM 212 Extra"]
[Source "ChessBase"]
[SourceDate "2023.03.31"]
[SourceVersion "1"]
[SourceVersionDate "2023.03.31"]
[SourceQuality "1"]

1. d4 Nf6 2. c4 e6 3. Nf3 Bb4+ 4. Bd2 a5 5. Qc2 d5 6. a3 Be7 7. Nc3 0-0 8. Bf4 Nh5 9. Bg3 Nxg3 10. hxg3 h6 11. e3 c6 12. Ne5 Nd7 13. Nxd7 Bxd7 14. Be2 Bf6 15. f4 c5 16. 0-0-0 cxd4 17. exd4 b5 18. cxb5 Qb6 19. Qd3 Rfc8 20. Kb1 Rc4 21. Qf3 Rxd4 22. Bd3 Rb8 23. g4 Rxf4 24. Qxf4 Bxc3 25. bxc3 Bxb5 26. Bxb5 Qxb5+ 27. Kc2 Qb2+ 28. Kd3 Rc8 29. Qd2 Qxa3 30. g5 d4 31. gxh6 dxc3 32. h7+ Kh8 33. Qc2 Qd6+ 34. Ke2 Qg3 35. Kf1 Qf4+ 36. Ke1 Qg3+ 37. Qf2 Qe5+ 38. Kf1 f5 39. Qh4 Qb5+ 40. Ke1 Qb6 41. Rh3 Qg1+ 42. Ke2 Qxg2+ 43. Ke3 f4+ 44. Kxf4 g5+ 45. Qxg5 Rf8+ 0-1

[Event "Fortaleza Saboya Cup"]
[Site "Fortaleza"]
[Date "2022.03.20"]
[Round "5"]
[White "Nunes, Moezio Correia"]
[Black "Ferreira Filho, Joao Bosco Filgue"]
[Result "1-0"]
[WhiteElo "1880"]
[BlackElo "1752"]
[PlyCount "92"]
[EventDate "2022.03.17"]
[EventType "swiss"]
[EventRounds "6"]
[EventCountry "BRA"]
[SourceTitle "EXT 2023"]
[Source "ChessBase"]
[SourceDate "2022.10.05"]
[SourceVersion "1"]
[SourceVersionDate "2022.10.05"]
[SourceQuality "1"]

1. e4 c5 2. b4 cxb4 3. d4 d5 4. e5 Bf5 5. a3 e6 6. axb4 Bxb4+ 7. c3 Be7 8. Bb5+ Nd7 9. Qa4 Bxb1 10. Rxb1 a6 11. Bxd7+ Qxd7 12. Qxd7+ Kxd7 13. Rxb7+ Kc6 14. Rb3 a5 15. Nf3 a4 16. Rb1 a3 17. 0-0 h5 18. Bd2 Nh6 19. Rfc1 Ra4 20. Rc2 Nf5 21. Ra2 Rha8 22. h3 R8a6 23. Ng5 Bxg5 24. Bxg5 Rb6 25. Rxb6+ Kxb6 26. Bc1 Kb5 27. Rxa3 Rxa3 28. Bxa3 Kc4 29. Bb4 f6 30. exf6 gxf6 31. g4 hxg4 32. hxg4 Nxd4 33. cxd4 Kxb4 34. f4 Kc3 35. g5 fxg5 36. fxg5 e5 37. g6 exd4 38. g7 d3 39. g8Q d2 40. Qg4 Kc2 41. Qa4+ Kc1 42. Qa3+ Kb1 43. Qd3+ Kc1 44. Qc3+ Kd1 45. Kf2 d4 46. Qd3 Kc1 1-0

[Event "Fortaleza Saboya Cup"]
[Site "Fortaleza"]
[Date "2022.03.18"]
[Round "2"]
[White "Ferreira Filho, Joao Bosco Filgue"]
[Black "Miranda, Marina Lima"]
[Result "0-1"]
[WhiteElo "1752"]
[BlackElo "1858"]
[PlyCount "138"]
[EventDate "2022.03.17"]
[EventType "swiss"]
[EventRounds "6"]
[EventCountry "BRA"]
[SourceTitle "EXT 2023"]
[Source "ChessBase"]
[SourceDate "2022.10.05"]
[SourceVersion "1"]
[SourceVersionDate "2022.10.05"]
[SourceQuality "1"]

1. d4 Nf6 2. c4 c5 3. d5 b5 4. cxb5 a6 5. bxa6 g6 6. e3 Bg7 7. Nc3 0-0 8. Nf3 d6 9. Be2 Bxa6 10. 0-0 Nbd7 11. Qc2 Qa5 12. Rd1 Rfb8 13. Bxa6 Qxa6 14. Rb1 Ng4 15. a3 Nge5 16. Nxe5 Nxe5 17. b3 c4 18. bxc4 Nxc4 19. Rxb8+ Rxb8 20. a4 Rc8 21. Qd3 Qa5 22. Ne2 Qxa4 23. Nd4 Ne5 24. Qb3 Qxb3 25. Nxb3 Ng4 26. f3 Nxe3 27. Bxe3 Rc3 28. Bd4 Rxb3 29. Bxg7 Kxg7 30. Rd2 Kf6 31. Kf2 h5 32. h4 Kf5 33. g3 Rb5 34. Kg2 Rb6 35. Kf2 e5 36. dxe6 fxe6 37. Ke2 e5 38. Ke3 Rb3+ 39. Kf2 Ke6 40. Re2 d5 41. Ra2 Kf5 42. Rd2 d4 43. Ke2 Rc3 44. Kf2 Rc4 45. Ke2 e4 46. fxe4+ Kxe4 47. Ra2 d3+ 48. Kd1 Ke3 49. Ra6 Rg4 50. Re6+ Kd4 51. Rd6+ Kc4 52. Kd2 Rxg3 53. Rc6+ Kd5 54. Rc8 Ke4 55. Re8+ Kf5 56. Rg8 Rh3 57. Rf8+ Ke6 58. Re8+ Kf7 59. Re4 Rg3 60. Rf4+ Kg7 61. Rd4 Rg4 62. Rxg4 hxg4 63. Kxd3 Kh6 64. Ke3 Kh5 65. Kf2 Kxh4 66. Kg2 g3 67. Kg1 Kh3 68. Kh1 g2+ 69. Kg1 g5 0-1

[Event "Fortaleza Schoonenborch 7th"]
[Site "Fortaleza"]
[Date "2020.02.09"]
[Round "5"]
[White "Ferreira Filho, Joao Bosco Filgue"]
[Black "Lira, Mateus Lavor"]
[Result "0-1"]
[WhiteElo "1721"]
[BlackElo "1698"]
[PlyCount "66"]
[EventDate "2020.02.06"]
[EventType "swiss"]
[EventRounds "6"]
[EventCountry "BRA"]
[SourceTitle "CBM 195 Extra"]
[Source "ChessBase"]
[SourceDate "2020.05.31"]
[SourceVersion "1"]
[SourceVersionDate "2020.05.31"]
[SourceQuality "1"]

1. c4 c5 2. Nc3 Nc6 3. g3 e6 4. Bg2 Nf6 5. e3 d5 6. d4 cxd4 7. exd4 dxc4 8. Qa4 Bd7 9. Qxc4 Rc8 10. Bg5 Qb6 11. Bxf6 gxf6 12. Nf3 Bb4 13. 0-0 Na5 14. Qd3 Bxc3 15. bxc3 Bb5 16. Qb1 Bxf1 17. Qxb6 axb6 18. Kxf1 Rxc3 19. Rb1 Nc4 20. Ke2 Ke7 21. Ne1 Ra8 22. Ra1 Rca3 23. Bxb7 Rxa2+ 24. Rxa2 Rxa2+ 25. Kf3 Nd6 26. Bc6 b5 27. Nd3 Rc2 28. d5 Rc3 29. Ke2 Rc4 30. h4 b4 31. f3 b3 32. Kd1 exd5 33. Bxd5 Rd4 0-1

[Event "Fortaleza Schoonenborch 7th"]
[Site "Fortaleza"]
[Date "2020.02.08"]
[Round "3"]
[White "Ferreira Filho, Joao Bosco Filgue"]
[Black "Moreira, Mario Wedney De Lim"]
[Result "1-0"]
[WhiteElo "1721"]
[BlackElo "1469"]
[PlyCount "65"]
[EventDate "2020.02.06"]
[EventType "swiss"]
[EventRounds "6"]
[EventCountry "BRA"]
[SourceTitle "CBM 195 Extra"]
[Source "ChessBase"]
[SourceDate "2020.05.31"]
[SourceVersion "1"]
[SourceVersionDate "2020.05.31"]
[SourceQuality "1"]

1. c4 Nf6 2. Nc3 g6 3. d4 Bg7 4. e4 d6 5. Nf3 0-0 6. Be2 Nbd7 7. 0-0 c5 8. h3 cxd4 9. Nxd4 b6 10. Nc6 Qe8 11. Nb5 Nc5 12. Ncxa7 Qd7 13. Nxc8 Rfxc8 14. Nc3 Ncxe4 15. Nxe4 Nxe4 16. Bf3 Rxc4 17. Re1 Qf5 18. Qb3 b5 19. Bxe4 Rxe4 20. Rxe4 Qxe4 21. Qxb5 Qe1+ 22. Qf1 Qxf1+ 23. Kxf1 Rc8 24. a4 Rc2 25. Rb1 Bd4 26. Be3 Bxb2 27. a5 Be5 28. f4 Bf6 29. a6 Ra2 30. a7 Kg7 31. Rb8 Ra1+ 32. Ke2 Ra2+ 33. Kf3 1-0

[Event "Fortaleza Cearense zt"]
[Site "Fortaleza"]
[Date "2019.09.29"]
[Round "6"]
[White "Ferreira Filho, Joao Bosco Filgue"]
[Black "Barreto, Paulo Robson Rodrig"]
[Result "0-1"]
[WhiteElo "1743"]
[BlackElo "1598"]
[PlyCount "98"]
[EventDate "2019.09.26"]
[EventType "swiss"]
[EventRounds "6"]
[EventCountry "BRA"]
[SourceTitle "EXT 2020"]
[Source "ChessBase"]
[SourceDate "2019.10.17"]
[SourceVersion "1"]
[SourceVersionDate "2019.10.17"]
[SourceQuality "1"]

1. d4 Nf6 2. c4 g6 3. Nc3 Bg7 4. e4 d6 5. Bd3 Nc6 6. Nge2 e5 7. d5 Ne7 8. 0-0 0-0 9. Ng3 c6 10. Be2 Ne8 11. Bd2 f5 12. f3 f4 13. Nh1 g5 14. Nf2 h5 15. Kh1 Nf6 16. Be1 Ng6 17. Rc1 c5 18. a3 Bh6 19. Rb1 Rf7 20. b4 b6 21. bxc5 bxc5 22. Rb2 Bd7 23. Nb5 Bf8 24. Bd2 a6 25. Nc3 Rb8 26. Qa1 Rxb2 27. Qxb2 Qc8 28. Rb1 g4 29. Qb8 Nh4 30. Qxc8 Bxc8 31. Be1 gxf3 32. gxf3 Rg7 33. Rb8 Bd7 34. Ra8 Ng2 35. Bd2 h4 36. Bf1 h3 37. Rxa6 Nh4 38. Be2 Nh5 39. Ra7 Rg2 40. Be1 Bc8 41. Rc7 Ng3+ 42. hxg3 fxg3 43. Ng4 Bxg4 44. fxg4 Bh6 45. Bxg3 Rxg3 46. Nd1 Rg2 47. Bf1 Rd2 48. Bxh3 Rxd1+ 49. Kh2 Bf4# 0-1

[Event "Norte Nordeste-ch Amateur U2000"]
[Site "Fortaleza"]
[Date "2019.04.27"]
[Round "3"]
[White "Lima Filho, Jose Pacifico"]
[Black "Ferreira Filho, Joao Bosco Filgue"]
[Result "1-0"]
[WhiteElo "1808"]
[BlackElo "1855"]
[PlyCount "111"]
[EventDate "2019.04.26"]
[EventType "swiss"]
[EventRounds "6"]
[EventCountry "BRA"]
[SourceTitle "EXT 2020"]
[Source "ChessBase"]
[SourceDate "2019.10.17"]
[SourceVersion "1"]
[SourceVersionDate "2019.10.17"]
[SourceQuality "1"]

1. d4 e6 2. Nf3 f5 3. Bf4 Nf6 4. Nbd2 d5 5. e3 Bd6 6. Ne5 0-0 7. c4 c6 8. Rc1 Bd7 9. Be2 Be8 10. 0-0 Ne4 11. Nxe4 fxe4 12. Bg4 Qe7 13. c5 Bc7 14. a3 Na6 15. Be2 Nb8 16. f3 exf3 17. Bxf3 Bd8 18. Qe1 Nd7 19. Nd3 Bg6 20. Bd6 Qg5 21. Nf4 Re8 22. Nxg6 Qxg6 23. Qd1 Nf6 24. Be5 Re7 25. Be2 Bc7 26. Bd3 Qg5 27. Bf4 Bxf4 28. exf4 Qh6 29. Qe2 g6 30. Rce1 Rae8 31. h3 Nh5 32. Qg4 Ng7 33. Re5 Nf5 34. Bxf5 exf5 35. Rxf5 Re4 36. Re5 Qg7 37. Qg3 h6 38. Re1 Kf7 39. R1xe4 dxe4 40. Qb3+ Kf8 41. Qe3 Rd8 42. Qxe4 Qf7 43. Re6 Rxd4 44. Qe5 Rxf4 45. Qh8+ Qg8 46. Re8+ Kxe8 47. Qxg8+ Rf8 48. Qxg6+ Ke7 49. Qd6+ Kf7 50. Qxh6 b6 51. cxb6 axb6 52. Qxc6 b5 53. Qxb5 Kg6 54. a4 Kf6 55. a5 Ke7 56. a6 1-0

[Event "Fortaleza Schoonenborch U1900 6th"]
[Site "Fortaleza"]
[Date "2019.03.10"]
[Round "5.8"]
[White "Ferreira Filho, Joao Bosco Filgue"]
[Black "Brandao, Joao Marcus Da Cost"]
[Result "1-0"]
[WhiteElo "1855"]
[BlackElo "1500"]
[PlyCount "63"]
[EventDate "2019.03.07"]
[EventType "swiss"]
[EventRounds "6"]
[EventCountry "BRA"]
[SourceTitle "EXT 2022"]
[Source "ChessBase"]
[SourceDate "2021.10.06"]
[SourceVersion "1"]
[SourceVersionDate "2021.10.06"]
[SourceQuality "1"]

1. c4 Nf6 2. Nc3 d5 3. e3 d4 4. exd4 Qxd4 5. Nf3 Bg4 6. Nxd4 Bxd1 7. Nxd1 e5 8. Nb5 Na6 9. b3 c6 10. Nbc3 Bc5 11. Be2 0-0 12. 0-0 Rad8 13. a3 Bd4 14. b4 Nc7 15. Ra2 Ne6 16. d3 Rfe8 17. Be3 Nf4 18. Ne4 Nxd3 19. Nxf6+ gxf6 20. Bxd3 Bxe3 21. Bxh7+ Kxh7 22. Nxe3 e4 23. g3 Kg6 24. Re1 f5 25. Ng2 Kf6 26. Nf4 Re5 27. Kg2 Rd4 28. Rc2 a5 29. h4 axb4 30. axb4 c5 31. b5 b6 32. Nd5+ 1-0

[Event "Fortaleza Capivarol op"]
[Site "Fortaleza"]
[Date "2018.11.04"]
[Round "5"]
[White "Ferreira Filho, Joao Bosco Filgue"]
[Black "Prado, Francisco Fadel Pin"]
[Result "0-1"]
[WhiteElo "1907"]
[BlackElo "1717"]
[PlyCount "54"]
[EventDate "2018.11.02"]
[EventType "swiss"]
[EventRounds "6"]
[EventCountry "BRA"]
[SourceTitle "CBM 187 Extra"]
[Source "ChessBase"]
[SourceDate "2018.11.04"]
[SourceVersion "1"]
[SourceVersionDate "2018.11.04"]
[SourceQuality "1"]

1. d4 d5 2. c4 e6 3. e3 Nf6 4. a3 Be7 5. Nc3 0-0 6. Nf3 Nbd7 7. c5 c6 8. Bd3 Qc7 9. b4 Re8 10. 0-0 Bf8 11. Bb2 g6 12. Qc2 Bg7 13. a4 e5 14. dxe5 Nxe5 15. Nxe5 Rxe5 16. Nb5 cxb5 17. Bxe5 Qxe5 18. axb5 Ng4 19. g3 Qh5 20. h4 Bxa1 21. Rxa1 Nxe3 22. fxe3 Qe5 23. Ra2 Qxg3+ 24. Kf1 Qxe3 25. Be2 Qg3 26. Bd3 Bh3+ 27. Ke2 Re8+ 0-1